Pocket book technical writing for engineers and scientists (Record no. 9674)

MARC details
000 -LEADER
fixed length control field 00577nam a22001817a 4500
003 - CONTROL NUMBER IDENTIFIER
control field OSt
005 - DATE AND TIME OF LATEST TRANSACTION
control field 20260422045958.0
008 - FIXED-LENGTH DATA ELEMENTS--GENERAL INFORMATION
fixed length control field 260422b |||||||| |||| 00| 0 eng d
020 ## - INTERNATIONAL STANDARD BOOK NUMBER
International Standard Book Number 007-124252-X
040 ## - CATALOGING SOURCE
Original cataloging agency DWCL Main Lib
Transcribing agency OC
082 ## - DEWEY DECIMAL CLASSIFICATION NUMBER
Edition number 2nd Edition
Classification number 428.222 F499 2005
100 ## - MAIN ENTRY--PERSONAL NAME
Personal name Finkelstein, Leo Jr.
245 ## - TITLE STATEMENT
Title Pocket book technical writing for engineers and scientists
260 ## - PUBLICATION, DISTRIBUTION, ETC.
Place of publication, distribution, etc. New York
Name of publisher, distributor, etc. McGraw-Hill,
Date of publication, distribution, etc. c2005
300 ## - PHYSICAL DESCRIPTION
Extent xxi, 1792 pages :
Dimensions 21 cm.
650 ## - SUBJECT ADDED ENTRY--TOPICAL TERM
Topical term or geographic name entry element 1. English language - technical English - handbook, manuals, etc.
942 ## - ADDED ENTRY ELEMENTS (KOHA)
Source of classification or shelving scheme Dewey Decimal Classification
Koha item type Book Circulation
Suppress in OPAC No
952 ## - LOCATION AND ITEM INFORMATION (KOHA)
--
Holdings
Withdrawn status Lost status Source of classification or shelving scheme Damaged status Not for loan Home library Current library Shelving location Date acquired Source of acquisition Total Checkouts Barcode Date last seen Copy number Koha item type Uniform Resource Identifier
    Dewey Decimal Classification     College Library College Library Circulation 04/20/2006 School Fund   CL43289 04/22/2026 copy1 BK-CIRC